| Tag |
First Indicator |
Second Indicator |
Subfields |
| LEADER |
00000cam a2200000Ka 4500 |
| 001 |
in00003511684 |
| 006 |
m o d |
| 007 |
cr bn||||||abp |
| 007 |
cr bn||||||ada |
| 008 |
100414s1998 njua ob 001 0 eng d |
| 005 |
20260421171342.4 |
| 019 |
|
|
|a 608816748
|
| 020 |
|
|
|a 9781461218029 (electronic bk.)
|
| 020 |
|
|
|a 1461218020 (electronic bk.)
|
| 020 |
|
|
|z 0896034305 (alk. paper)
|
| 020 |
|
|
|z 9780896034303 (alk. paper)
|
| 035 |
|
|
|a (OCoLC)607295371
|z (OCoLC)608816748
|
| 040 |
|
|
|a OCLCE
|b eng
|e pn
|c OCLCE
|d OCLCQ
|d GW5XE
|d OCLCQ
|d UtOrBLW
|
| 042 |
|
|
|a dlr
|
| 049 |
|
|
|a TXAM
|
| 050 |
|
4 |
|a QP552.G16
|b G24 1998
|
| 060 |
|
4 |
|a 1998 G-904
|
| 060 |
|
4 |
|a QU 55
|b G1113 1998
|
| 070 |
|
4 |
|a QP552.G16G24
|b 1998
|
| 072 |
|
0 |
|a X300
|
| 082 |
0 |
4 |
|a 616.4/071
|2 21
|
| 245 |
0 |
0 |
|a G proteins, receptors, and disease /
|c edited by Allen M. Spiegel.
|
| 264 |
|
1 |
|a Totowa, N.J. :
|b Humana Press,
|c [1998]
|
| 264 |
|
4 |
|c ©1998
|
| 300 |
|
|
|a 1 online resource (x, 324 pages) :
|b illustrations (some color).
|
| 336 |
|
|
|a text
|b txt
|2 rdacontent
|
| 337 |
|
|
|a computer
|b c
|2 rdamedia
|
| 338 |
|
|
|a online resource
|b cr
|2 rdacarrier
|
| 490 |
1 |
|
|a Contemporary endocrinology ;
|v 6
|
| 504 |
|
|
|a Includes bibliographical references and index.
|
| 538 |
|
|
|a Master and use copy. Digital master created according to Benchmark for Faithful Digital Reproductions of Monographs and Serials, Version 1. Digital Library Federation, December 2002.
|u http://purl.oclc.org/DLF/benchrepro0212
|5 MiAaHDL
|
| 583 |
1 |
|
|a digitized
|c 2010
|h HathiTrust Digital Library
|l committed to preserve
|2 pda
|5 MiAaHDL
|
| 520 |
|
|
|a More than a collection of review articles, G Proteins, Receptors, and Disease summarizes in depth the state of our knowledge today concerning not only how cells communicate via G-protein-coupled signal transduction processes, but also how defects in these proteins and their receptors can cause serious human disease involving many different organ systems. Written by leading investigators, each chapter describes in detail the structure and function of a particular G protein or receptor, outlines possible mutations, and discusses fully the molecular pathogenesis of associated diseases. Diagnostic and therapeutic implications are also discussed when relevant. In its unique blend of cutting-edge basic science and clinical medicine, G Proteins, Receptors, and Disease offers deep insights into the physiological significance of this key signal transduction pathway, as well as into the molecular basis of diseases ranging from obesity to malignancy. The basic understanding of the complex signal transduction process achieved here provides a firm foundation for future efforts to prevent and cure these diseases.
|
| 588 |
|
|
|a Description based on print version record.
|
| 500 |
|
|
|a Electronic resource.
|
| 650 |
|
0 |
|a G proteins
|x Physiological effect.
|
| 650 |
|
0 |
|a G proteins
|x Pathophysiology.
|
| 650 |
|
0 |
|a Endocrine glands
|x Diseases.
|
| 650 |
|
0 |
|a Cellular signal transduction.
|
| 650 |
|
0 |
|a Pathology, Molecular.
|
| 650 |
1 |
2 |
|a GTP-Binding Proteins
|x physiology.
|
| 650 |
2 |
2 |
|a Endocrine System Diseases
|x genetics.
|
| 650 |
2 |
2 |
|a Receptors, Cell Surface
|x physiology.
|
| 650 |
2 |
2 |
|a Signal Transduction.
|
| 655 |
|
7 |
|a Electronic books.
|2 local
|
| 700 |
1 |
|
|a Spiegel, Allen M.
|
| 710 |
2 |
|
|a SpringerLink (Online service)
|
| 776 |
1 |
8 |
|i Print version:
|t G proteins, receptors, and disease.
|d Totowa, N.J. : Humana Press, ©1998
|w (DLC) 97051985
|w (OCoLC)38121160
|
| 830 |
|
0 |
|a Contemporary endocrinology (Totowa, N.J.) ;
|v 6.
|
| 856 |
4 |
0 |
|u http://proxy.library.tamu.edu/login?url=https://link.springer.com/10.1007/978-1-4612-1802-9
|z Connect to the full text of this electronic book
|t 0
|
| 994 |
|
|
|a 92
|b TXA
|
| 999 |
|
|
|a MARS
|
| 999 |
f |
f |
|s 30a872ff-15cb-3879-b284-ad3425eb4a8d
|i 0a1cbd62-0ad3-3fe3-a28a-989d7103d3ec
|t 0
|
| 952 |
f |
f |
|a Texas A&M University
|b College Station
|c Electronic Resources
|s www_evans
|d Available Online
|t 0
|e QP552.G16 G24 1998
|h Library of Congress classification
|
| 998 |
f |
f |
|a QP552.G16 G24 1998
|t 0
|l Available Online
|